Eduard von Keyserling und das Drama der Jahrhundertwende
| Titel: | Eduard von Keyserling und das Drama der Jahrhundertwende / Benedikts Kalnačs |
|---|---|
| Verfasser: | |
| In: |
Baltisches Welterlebnis, (2007), Seite 231-240 alle Artikel anzeigen |
| Veröffentlicht: | 2007 |
| Format: | Aufsatz |
| Sprache: | Deutsch |
X
alg: 19502675 001A $04504:15-02-08 001B $03025:27-02-26 $t14:44:54.000 001C $04504:15-02-08 $t10:56:47.000 001D $04504:15-02-08 001U $0utf8 001X $00 002@ $0Aou 003@ $0195026756 007A $0195026756 $aHEB 007T $0Herdc0043163m 010@ $ager 011@ $a2007 021A $aEduard von Keyserling und das Drama der Jahrhundertwende $hBenedikts Kalnačs 028A $71144908302 $8Kalnačs, Benedikts$Z1965- [Tp1] $9421365196 031A $h231-240 $j2007 039B $aIn $8--Aau--. Baltisches Welterlebnis. - Heidelberg : Winter, 2007. - 586 Seiten. - Illustrationen. - ISBN 978-3-8253-5376-6 $x200700000000000769 $9190652160 044K $RKeyserling, Margarete Gräfin $#Kaizerlingas, Eduardas fon $#Keizerlings, Eduards fon $#Keyserling, Eduard v. $#Von Keyserling, Eduard $#Keyserling, E. von $#Keyserling, Johann Heinrich Eduard $#Kāyzirlīng, Idūyārd fun $#Idūyārd Grāf fun Kāyzirlīng $#Keyserling, Eduard von Graf $#Keyserling, Eduard von $7118561812 $8Keyserling, Eduard$cvon$Z1855-1918 [Tp1] $9086902849 044K $RDas @Dramatische $RSprechtheater $RBühnenwerk $#Drama $#Drama History and criticism $#Théâtre (genre littéraire) $#Drammi $#Teatro (Género literario) $#Drama $#Drama $#Dramatik $#Schauspiel $#Theaterstück Sachschlagwort $#Dramen $#Dramatisches Werk $74012899-4 $8Drama [Tsz] $9085028231 045F $a809 $eDDC23BSB 045F/01 $a809 045F/03 $f09041 045F/03 $f09034 045F/03 $g479 045F/03 $g4796 045F/03 $g4798 045V $aKeyserling, Eduard von $816.15.00$jZu einzelnen Autoren [Tkx] $9118843702 lok: 19502675 62 exp: 19502675 62 1 #EPN 201B/01 $015-02-08 $t21:09:24.000 203@/01 $0524882452 208@/01 $a15-02-08 $be 209A/01 $a/ $f000 $x00 209B/01 $a2008 $x05 247C/01 $8Frankfurt, Bibliographie der Deutschen Sprach- und Literaturwissenschaft $9113214561 201U/01 $0utf8 lok: 19502675 78 exp: 19502675 78 1 #EPN 201B/01 $027-02-26 $t14:44:13.000 201C/01 $027-02-26 201U/01 $0utf8 203@/01 $01335735526 208@/01 $a11-11-16 $be 209A/01 $a/ $f000 $x00 220C/01 $aTitelaufnehmer: kk;sk 220C/01 $aHerkunft: HI Marburg 244Z/01 $2Trx $#Estija $#Igaunija $#Estland $#Estonia $#Estonia $#Estónsko $#Estonsko $8--Trx--Eesti $x01 $9391237225 244Z/01 $2Trx $#Latvija $#Lettland $#Łotwa $#Lotyšsko $8--Trx--Latvija $x02 $9391275879 244Z/01 $2Trx $8--Trx--Keyserling, Eduard von$Z1855-1918 $x03 $9390880353 244Z/01 $2Trx $#kirjanikud $#rašytojai $#writers $#írók $#pisarze $#spisovatelia $#spisovatelé $8--Trx--Schriftsteller $x04 $9391382659 244Z/01 $2Trx $#draama $#drama $#drama $#dráma $#dramat $#dráma $#drama $#Komödien $#Tragödien $#komedie $#tragedie $#komédie $#tragédie $#komedie $#tragédie $8--Trx--Drama $x05 $9391375369 244Z/01 $2Trx $#identiteedid, rahvuslikud $#tautinė tapatybė $#national identity $#identitás, nemzeti $#świadomość narodowa $#totožnosť národná $#identita národní $#Nationalbewußtsein $#tożsamość narodowa $#uvedomenie národné $#uvědomění národní $8--Trx--Identität, nationale $x06 $9391365169 244Z/01 $2Trx $#baltisakslased $#Pabaltijo vokiečiai $#German Balts $#német-balti népek $#Niemcy bałtyccy $#Nemci pobaltskí $#Němci pobaltskí $8--Trx--Deutschbalten $x07 $9391369946 244Z/01 $2Trx $#aadel Liivimaa $#Livonijos bajorai $#gentry Livonia $#nemesség Livónia $#szlachta Inflanty $#šľachta Livónsko $#šlechta Livonsko $8--Trx--Adel$gLivland $x08 $939135535X 244Z/01 $2Trx $#aadel Kurland $#Kuršo bajorai $#gentry Kurland $#nemesség Kurföld $#szlachta Kurlandia $#šľachta Kurónsko $#šlechta Kuronsko $8--Trx--Adel$gKurland $x09 $9391356224 244Z/01 $2Trx $#aadel Eesti $#Estijos bajorai $#gentry Estonia $#nemesség Észtország $#szlachta Estonia $#šľachta Estónsko $#šlechta Estonsko $8--Trx--Adel$gEstland $x10 $9391371541 244Z/01 $2Trx $#rahvuslik taasärkamine, Läti $#latvių tautinis judėjimas $#national movement, Latvian $#nemzeti mozgalom, lett $#ruch narodowy, łotewski $#hnutie národné, lotyšské $#hnutí národní, lotyšské $8--Trx--Nationalbewegung, lettische $x11 $9391358251 244Z/01 $2Trx $8--Trx--Einzelbeiträge $x12 $9391384570 245Z/01 $a12.03 $x01 247C/01 $82080>Marburg/Lahn, Herder-Institut, Forschungsbibliothek, Bibliographieportal $9336309341
| LEADER | 00000caa a2200000 c 4500 | ||
|---|---|---|---|
| 001 | 195026756 | ||
| 003 | DE-603 | ||
| 005 | 20260227144454.0 | ||
| 007 | tu | ||
| 008 | 080215s2007 xx |||| | u00||u|ger c | ||
| 035 | |a (DE-599)HEB195026756 | ||
| 040 | |a DE-603 |b ger |c DE-603 |d DE-603 | ||
| 041 | |a ger | ||
| 082 | 0 | 4 | |8 1\u |a 809 |q DE-101 |2 23/BSB |
| 085 | |8 1\u |b 809 | ||
| 085 | |8 1\u |z 1 |s 09041 | ||
| 085 | |8 1\u |z 1 |s 09034 | ||
| 085 | |8 1\u |z 2 |s 479 | ||
| 085 | |8 1\u |z 2 |s 4796 | ||
| 085 | |8 1\u |z 2 |s 4798 | ||
| 100 | 1 | |a Kalnačs, Benedikts |d 1965- |0 (DE-603)421365196 |0 (DE-588)1144908302 |2 gnd | |
| 245 | 0 | 0 | |a Eduard von Keyserling und das Drama der Jahrhundertwende |c Benedikts Kalnačs |
| 264 | 0 | |c 2007 | |
| 600 | 1 | 7 | |a Keyserling, Eduard von |d 1855-1918 |0 (DE-588)118561812 |0 (DE-603)086902849 |2 gnd |
| 650 | 7 | |a Drama |0 (DE-588)4012899-4 |0 (DE-603)085028231 |2 gnd | |
| 773 | 0 | 8 | |i In |t Baltisches Welterlebnis |d Heidelberg : Winter, 2007 |h 586 Seiten, Illustrationen |z 9783825353766 |z 3825353761 |g (2007), Seite 231-240 |w (DE-603)190652160 |
| 924 | 0 | |9 603 |a (DE-603)524882452 |b DE-603 |c HES |d d | |
| 924 | 0 | |9 2080 |a (DE-603)1335735526 |b DE-2080 |c HES |d d |g / | |


